01384cam a22003251 4500001001300000003000400013005001700017008004100034010001700075035002000092040001900112042001200131050002600143110003900169245012600208260002400334300002500358490002700383490003200410500007700442500005300519500013100572504002900703504007400732650003500806710004000841740004400881830006400925830006900989e 39000343 DLC20260227111228.0861020s1938 alu s000 0 eng  ae 39000343  a(OCoLC)14443035 aDLCcATrTdDLC apremarc00aL116b.B2 1938, no. 81 aAlabama.bDepartment of Education.12aA guide to the improvement of the curriculum.cDivision of instruction. Authorized by the State board of education, 1938. a[Montgomery,c1938] aviii, 264 p.c24 cm.1 aBulletin,v1938, no. 81 aCurriculum bulletin,vno. 5 aAt head of title: State of Alabama. Department of education, Montgomery. a"Alabama curriculum development program."--p. 1. a"Prepared for the most part by a committee of teachers working in the Curriculum laboratory at George Peabody college."--p. v. aIncludes bibliographies. a"General bibliography for improvement of the curriculum": p. 250-264. 0aEducationxCurriculazAlabama.1 aAlabama.bState Board of Education.0 aAlabama curriculum development program. 0aBulletin (Alabama. Department of Education) ;v1938, no. 8. 0aCurriculum bulletin (Alabama. Department of Education) ;vno. 5.